000 00461nam a22001697a 4500
005 20180206113438.0
008 160429b xxu||||| |||| 00| 0 eng d
020 _a81-7808-017-6
041 _aeng
082 _b00739
_a005.133
100 _aHorstmann, Cay S. and Cornell, Gary
_94092
245 _aCore JAVA 1.2 volume I-Fundamentals
260 _aNew Delhi
_bPearson Education,
_c2001
300 _a736
650 _aInformation Technology
_9137
942 _cBK
999 _c219
_d219